[Event "Khanty-Mansiysk Governor Cup-B 5th"]
[Site "Khanty-Mansiysk"]
[Date "2009.12.02"]
[Round "9"]
[White "Usmanov, Ilnur"]
[Black "Sibriaev, Aleksandr"]
[Result "1-0"]
[WhiteElo "2013"]
[BlackElo "2280"]
[PlyCount "113"]
[EventDate "2009.11.24"]
[EventType "swiss"]
[EventRounds "11"]
[EventCountry "RUS"]
[SourceTitle "EXT 2011"]
[Source "ChessBase"]
[SourceDate "2010.11.26"]
[SourceVersion "1"]
[SourceVersionDate "2010.11.26"]
[SourceQuality "1"]

1. d4 Nf6 2. Bg5 Ne4 3. Bf4 d5 4. e3 c6 5. Bd3 Qb6 6. Qc1 Nd7 7. Bxe4 dxe4 8. Nd2 Nf6 9. Ne2 Bf5 10. 0-0 Nd5 11. Bg3 h5 12. h3 h4 13. Bh2 g6 14. c4 Nf6 15. Nc3 Bh6 16. Be5 0-0 17. c5 Qa6 18. Bxf6 exf6 19. Ncxe4 Rad8 20. Nxf6+ Kg7 21. Ng4 Bg5 22. b4 Rfe8 23. Qc4 b5 24. cxb6 Qxb6 25. Nb3 Qb8 26. Nc5 Bxg4 27. hxg4 h3 28. Nd3 Re4 29. f4 hxg2 30. Kxg2 Rxe3 31. Ne5 Rxe5 32. fxe5 Qb7 33. Rf3 Qd7 34. e6 Qxe6 35. Qxe6 fxe6 36. Rd1 Bf6 37. Rc3 Rd6 38. Rcd3 Kh6 39. Kf3 Rd5 40. Rh1+ Kg5 41. Rc1 Bxd4 42. Rxc6 e5 43. Ra3 Rd7 44. Raa6 Rf7+ 45. Kg3 Rg7 46. Re6 Kh6 47. a4 Kh7 48. Rac6 Rb7 49. b5 Rg7 50. a5 Rb7 51. b6 axb6 52. axb6 Kg8 53. Rxg6+ Kf7 54. Rc7+ Kxg6 55. Rxb7 e4 56. Kg2 e3 57. Kf3 1-0

[Event "Khanty-Mansiysk Governor Cup-B 5th"]
[Site "Khanty-Mansiysk"]
[Date "2009.11.30"]
[Round "7"]
[White "Sibriaev, Aleksandr"]
[Black "Kalmachevskikh, Viktor"]
[Result "1/2-1/2"]
[WhiteElo "2280"]
[BlackElo "2317"]
[PlyCount "23"]
[EventDate "2009.11.24"]
[EventType "swiss"]
[EventRounds "11"]
[EventCountry "RUS"]
[SourceTitle "EXT 2011"]
[Source "ChessBase"]
[SourceDate "2010.11.26"]
[SourceVersion "1"]
[SourceVersionDate "2010.11.26"]
[SourceQuality "1"]

1. d4 c5 2. Nf3 cxd4 3. Nxd4 Nc6 4. g3 g6 5. Bg2 Bg7 6. Nxc6 bxc6 7. c4 f5 8. 0-0 Nf6 9. Qc2 0-0 10. b3 Qc7 11. Bb2 d6 12. Nc3 1/2-1/2

[Event "Khanty-Mansiysk Governor Cup-B 5th"]
[Site "Khanty-Mansiysk"]
[Date "2009.11.29"]
[Round "6"]
[White "Shustov, Igor"]
[Black "Sibriaev, Aleksandr"]
[Result "0-1"]
[WhiteElo "2057"]
[BlackElo "2280"]
[PlyCount "118"]
[EventDate "2009.11.24"]
[EventType "swiss"]
[EventRounds "11"]
[EventCountry "RUS"]
[SourceTitle "EXT 2011"]
[Source "ChessBase"]
[SourceDate "2010.11.26"]
[SourceVersion "1"]
[SourceVersionDate "2010.11.26"]
[SourceQuality "1"]

1. d4 d5 2. Nf3 Nf6 3. c4 c6 4. e3 e6 5. Nc3 Nbd7 6. Bd3 dxc4 7. Bxc4 b5 8. Bd3 a6 9. a3 c5 10. 0-0 Bb7 11. Qe2 Be7 12. Rd1 Qc7 13. Bd2 0-0 14. Rac1 Qb6 15. dxc5 Nxc5 16. Bc2 Rad8 17. e4 Qa7 18. b4 Ncd7 19. Bf4 Qa8 20. Bb3 Nb6 21. Be3 Nc4 22. Bxc4 bxc4 23. Qxc4 Nxe4 24. Nxe4 Bxe4 25. Qe2 Rxd1+ 26. Rxd1 Rc8 27. Rd7 Bf6 28. Bc5 h6 29. h3 Bc6 30. Rd2 Qb7 31. Qd1 Bd5 32. Ne1 Bc3 33. Rd3 Bxe1 34. Qxe1 Bxg2 35. Rg3 Be4 36. Qa1 Bg6 37. Qe5 Kh7 38. h4 f6 39. Qd4 h5 40. Re3 e5 41. Qd6 Qa8 42. Qd1 Rd8 43. Qf3 Qc8 44. Re1 Rd3 45. Re3 Rd2 46. Re2 Rd1+ 47. Kg2 Qd7 48. a4 Rb1 49. Re3 Qd2 50. Kh2 a5 51. Rb3 Ra1 52. Ra3 Re1 53. bxa5 Qxa5 54. Bf8 Re4 55. Qh3 Qe1 56. Bc5 Rg4 57. Rg3 Be4 58. f3 Bxf3 59. Rxf3 Rxh4 0-1

[Event "Khanty-Mansiysk Governor Cup-B 5th"]
[Site "Khanty-Mansiysk"]
[Date "2009.11.27"]
[Round "4"]
[White "Sibriaev, Aleksandr"]
[Black "Stavskaya, Olga"]
[Result "1-0"]
[WhiteElo "2280"]
[BlackElo "2084"]
[PlyCount "71"]
[EventDate "2009.11.24"]
[EventType "swiss"]
[EventRounds "11"]
[EventCountry "RUS"]
[SourceTitle "EXT 2011"]
[Source "ChessBase"]
[SourceDate "2010.11.26"]
[SourceVersion "1"]
[SourceVersionDate "2010.11.26"]
[SourceQuality "1"]

1. c4 c5 2. Nf3 Nf6 3. g3 g6 4. Bg2 Bg7 5. 0-0 Nc6 6. d4 cxd4 7. Nxd4 0-0 8. Nc3 Nxd4 9. Qxd4 d6 10. b3 d5 11. cxd5 e6 12. Qd3 Nxd5 13. Nxd5 exd5 14. Ba3 Re8 15. Rac1 d4 16. Qd2 Bg4 17. Rfe1 Qd7 18. Rc5 Re5 19. Rxe5 Bxe5 20. Qb4 a5 21. Qxb7 Qxb7 22. Bxb7 Rb8 23. Ba6 Be6 24. Rc1 Ra8 25. Bb5 Rb8 26. Bd3 Ra8 27. f4 Bf6 28. Bd6 a4 29. bxa4 Bxa2 30. a5 Be6 31. a6 Bd8 32. Rb1 Bd5 33. Bc5 Bf6 34. a7 Kg7 35. Rb8 h5 36. h4 1-0

[Event "Khanty-Mansiysk Governor Cup-B 5th"]
[Site "Khanty-Mansiysk"]
[Date "2009.11.26"]
[Round "3"]
[White "Grokholskiy, Alexander"]
[Black "Sibriaev, Aleksandr"]
[Result "0-1"]
[WhiteElo "1687"]
[BlackElo "2280"]
[PlyCount "72"]
[EventDate "2009.11.24"]
[EventType "swiss"]
[EventRounds "11"]
[EventCountry "RUS"]
[SourceTitle "EXT 2011"]
[Source "ChessBase"]
[SourceDate "2010.11.26"]
[SourceVersion "1"]
[SourceVersionDate "2010.11.26"]
[SourceQuality "1"]

1. e4 c5 2. Nf3 Nc6 3. Bb5 g6 4. Bxc6 dxc6 5. 0-0 Bg7 6. d3 Nf6 7. Nc3 0-0 8. h3 b6 9. Bg5 Qc7 10. Qd2 Re8 11. Bh6 e5 12. Nd1 c4 13. Bxg7 Kxg7 14. Ne3 cxd3 15. Qxd3 Be6 16. Ng5 Rad8 17. Qc3 Rd4 18. Nxe6+ Rxe6 19. f3 Red6 20. Rad1 Qd7 21. Rde1 Qe6 22. b3 Nh5 23. Kh2 Nf4 24. Rd1 f6 25. Qe1 Qd7 26. Rxd4 Rxd4 27. Rf2 b5 28. Qf1 Rd2 29. Qe1 Rd4 30. Qf1 h5 31. g3 Ne6 32. h4 a5 33. c3 Rd6 34. a3 Qa7 35. Qe1 Rd3 36. Nd1 Rxd1 0-1

[Event "Khanty-Mansiysk Governor Cup"]
[Site "Khanty-Mansiysk"]
[Date "2007.11.29"]
[Round "9"]
[White "Sibriaev, Aleksandr"]
[Black "Lichkun, Denis"]
[Result "1-0"]
[WhiteElo "2248"]
[BlackElo "1953"]
[PlyCount "105"]
[EventDate "2007.11.21"]
[EventType "swiss"]
[EventRounds "9"]
[EventCountry "RUS"]
[SourceTitle "CBM 121 Extra"]
[Source "ChessBase"]
[SourceDate "2008.01.10"]
[SourceVersion "1"]
[SourceVersionDate "2008.01.10"]
[SourceQuality "1"]

1. d4 Nf6 2. Bg5 e6 3. Nf3 d5 4. e3 c5 5. Be2 Nc6 6. 0-0 Be7 7. c4 cxd4 8. exd4 dxc4 9. Bxc4 Nd5 10. Bxe7 Ncxe7 11. Nc3 0-0 12. Ne5 b6 13. Nxd5 Nxd5 14. Nc6 Qd6 15. Bxd5 exd5 16. Rc1 Bd7 17. Ne5 Bb5 18. Re1 f6 19. Nf3 Rfe8 20. Qb3 Rxe1+ 21. Rxe1 Bd7 22. h3 Re8 23. Rxe8+ Bxe8 24. Nd2 Qc6 25. Nf1 Bf7 26. Ne3 Be6 27. Qb4 Kf7 28. Qd2 Qc7 29. Nd1 Bf5 30. Nc3 Be6 31. a3 a5 32. Qe2 Qc4 33. Qd2 b5 34. Nd1 a4 35. h4 h5 36. Ne3 Qc7 37. Qe2 Qc1+ 38. Kh2 Bg4 39. Qxb5 Qc7+ 40. Kg1 Qc1+ 41. Nf1 Qc4 42. Qxc4 dxc4 43. Ne3 Be2 44. f4 Ke6 45. Kf2 Bd3 46. Ke1 Kd6 47. Kd2 Kc6 48. Kc3 Kb5 49. g3 Be2 50. Nf5 g6 51. Ne7 Bd3 52. Nd5 Kc6 53. Nb4+ 1-0

[Event "Khanty-Mansiysk Governor Cup"]
[Site "Khanty-Mansiysk"]
[Date "2007.11.28"]
[Round "7"]
[White "Sibriaev, Aleksandr"]
[Black "Tolstikh, Nikolay"]
[Result "1-0"]
[WhiteElo "2248"]
[BlackElo "2398"]
[PlyCount "45"]
[EventDate "2007.11.21"]
[EventType "swiss"]
[EventRounds "9"]
[EventCountry "RUS"]
[SourceTitle "CBM 121 Extra"]
[Source "ChessBase"]
[SourceDate "2008.01.10"]
[SourceVersion "1"]
[SourceVersionDate "2008.01.10"]
[SourceQuality "1"]

1. d4 d5 2. c4 e6 3. Nc3 Nf6 4. Bg5 Nbd7 5. e3 Bb4 6. cxd5 exd5 7. Bd3 c5 8. Nge2 c4 9. Bc2 Qa5 10. 0-0 Bxc3 11. Nxc3 b6 12. Qd2 Bb7 13. f3 b5 14. e4 dxe4 15. fxe4 b4 16. Nd5 Nxd5 17. exd5 f6 18. Rae1+ Kd8 19. Bh4 Qxd5 20. Rf5 Qd6 21. Bg3 Qb6 22. Qe2 g6 23. Rb5 1-0

[Event "Khanty-Mansiysk Governor Cup"]
[Site "Khanty-Mansiysk"]
[Date "2007.11.23"]
[Round "4"]
[White "Konev, Alexander"]
[Black "Sibriaev, Aleksandr"]
[Result "0-1"]
[WhiteElo "2059"]
[BlackElo "2248"]
[PlyCount "38"]
[EventDate "2007.11.21"]
[EventType "swiss"]
[EventRounds "9"]
[EventCountry "RUS"]
[SourceTitle "CBM 121 Extra"]
[Source "ChessBase"]
[SourceDate "2008.01.10"]
[SourceVersion "1"]
[SourceVersionDate "2008.01.10"]
[SourceQuality "1"]

1. e4 c5 2. Nf3 d6 3. h3 g6 4. d4 Bg7 5. dxc5 Qa5+ 6. Bd2 Qxc5 7. Nc3 Nf6 8. Bd3 0-0 9. 0-0 a6 10. Qe2 b5 11. a3 Bb7 12. Be3 Qc7 13. Qd2 Nbd7 14. Bh6 Rac8 15. Rfe1 Rfe8 16. Rab1 Bh8 17. Bf4 Qc6 18. e5 dxe5 19. Nxe5 Qxg2# 0-1